| 000 | 01398nam a2200265 a 4500 | ||
|---|---|---|---|
| 999 |
_c470364 _d470364 |
||
| 003 | BLK | ||
| 005 | 20240410131444.0 | ||
| 008 | 180411b bul|||||r ||||||| ||bul|| | ||
| 020 | _a9789543374434 | ||
| 040 | _aBLK | ||
| 041 |
_aBUL _cBUL |
||
| 080 |
_aБългарска литература _b821.163.2 _x-84 _z821.163.2-84 |
||
| 100 |
_aБакърджиев, Тодор Анастасов _d1942- _gФилолог. Историк. Публицист, сатирик, автор на афоризми. _9261637 |
||
| 139 |
_aБакърджиев, Тодор Анастасов _bБ 17 |
||
| 245 | 1 | 0 |
_aСантиментална мизантропия _bАфоризми, сентенции _cТодор Бакърджиев ; ред. Красимира Василева. |
| 257 | _aBGR | ||
| 260 |
_aРусе _bАвангард принт _c2022 |
||
| 300 |
_a200 с. _c21 см |
||
| 380 | _aX | ||
| 500 | _aБиогр. данни за авт. отбелязани на гърба на кор. - Автогр. - подпис на авт. | ||
| 700 |
_aВасилева, Красимира Николова _d1952- _gПоет, публицист, литературна критика. Журналист във вестник Утро (Дунавска правда) _eред. _9479333 |
||
| 852 |
_bК _cК 821.163.2/Б 17 Т |
||
| 942 |
_cKNG _n0 _s1 |
||
| 944 |
_aCR _c2022-08-15 _k30560 _lГеновева Генчева |
||